Анализ пожарной опасности учреждений сферы бьюти-индустрии; Прогрессивные технологии и экономика в машиностроении

Detalles Bibliográficos
Parent link:Прогрессивные технологии и экономика в машиностроении.— 2024.— С. 75-76
Autor principal: Биктимерова Е. А.
Autor Corporativo: Национальный исследовательский Томский политехнический университет
Otros Autores: Луговцова Н. Ю. Наталья Юрьевна (научный руководитель)
Sumario:В статье рассмотрены этапы анализа пожарной безопасности учреждений сферы бьюти-индустрии. Обозначены риски и опасности, возникающие в данной отрасли
The article considers the stages of analyzing the fire safety of institutions in the beauty industry. Risks and dangers arising in this industry are outlined
Текстовый файл
Lenguaje:ruso
Publicado: 2024
Colección:Экология, безопасность и охрана труда на предприятии
Materias:
Acceso en línea:http://earchive.tpu.ru/handle/11683/80240
Formato: MixedMaterials Electrónico Capítulo de libro
KOHA link:https://koha.lib.tpu.ru/cgi-bin/koha/opac-detail.pl?biblionumber=672988

MARC

LEADER 00000naa2a2200000 4500
001 672988
005 20240723101113.0
090 |a 672988 
100 |a 20240610d2024 k||y0rusy50 ca 
101 0 |a rus 
102 |a RU 
135 |a drcn ---uucaa 
200 1 |a Анализ пожарной опасности учреждений сферы бьюти-индустрии  |f Е. А. Биктимерова  |g науч. рук. Н. Ю. Луговцова ; Национальный исследовательский Томский политехнический университет 
225 1 |a Экология, безопасность и охрана труда на предприятии 
283 |2 RDAcarrier 
320 |a Список использованных источников: 5 назв. 
330 |a В статье рассмотрены этапы анализа пожарной безопасности учреждений сферы бьюти-индустрии. Обозначены риски и опасности, возникающие в данной отрасли 
330 |a The article considers the stages of analyzing the fire safety of institutions in the beauty industry. Risks and dangers arising in this industry are outlined 
336 |a Текстовый файл 
463 1 |0 672887  |9 672887  |c Томск  |d 2024  |n Изд-во ТПУ  |t Прогрессивные технологии и экономика в машиностроении  |o сборник трудов XV Всероссийской научно-практической конференции для студентов и учащейся молодежи, г. Юрга, 11–13 апреля 2024 г.  |a Солодский, С. А. (специалист в области экологии и безопасности жизнедеятельности ; 1980-)  |u conference_tpu-2024-C57.pdf  |v С. 75-76  |p 1 файл (5,61 Мб, 263 с.) 
610 1 |a труды учёных ТПУ 
610 1 |a электронный ресурс 
610 1 |a анализ 
610 1 |a бьюти-сфера 
700 1 |a Биктимерова  |b Е. А. 
702 1 |a Луговцова  |b Н. Ю.  |c специалист в области экологии и безопасности жизнедеятельности  |c старший преподаватель Юргинского технологического института (филиала) Томского политехнического университета  |f 1983-  |g Наталья Юрьевна  |4 727 
712 0 2 |a Национальный исследовательский Томский политехнический университет  |c (2009- )  |9 26305 
801 0 |a RU  |b 63413507  |c 20240610 
850 |a 63413507 
856 4 |u http://earchive.tpu.ru/handle/11683/80240  |z http://earchive.tpu.ru/handle/11683/80240 
942 |c CF